书目信息 |
| 题名: |
产品改良设计
|
|
| 作者: | 张展, , 王虹, 编著 | |
| 分册: | ||
| 出版信息: | 上海 上海画报出版社 2006.12 |
|
| 页数: | 137页 | |
| 开本: | 28cm | |
| 丛书名: | 中国高校通用设计教材丛书 | |
| 单 册: | ||
| 中图分类: | TB472 | |
| 科图分类: | ||
| 主题词: | 产品--chan pin--设计--高等学校--教材 | |
| 电子资源: | ||
| ISBN: | 7-80685-579-3 | |
| 000 | 01171nam 2200277 450 | |
| 001 | 012007324549 | |
| 005 | 20070930160243.34 | |
| 010 | @a7-80685-579-3@dCNY45.00 | |
| 100 | @a20070808d2006 km y0chiy0120 ea | |
| 101 | 0 | @achi |
| 102 | @aCN@b310000 | |
| 105 | @aa a 000yy | |
| 200 | 1 | @a产品改良设计@Achan pin gai liang she ji@f张展, 王虹编著@Fzhang zhan,wang hong bian zhu |
| 210 | @a上海@c上海画报出版社@d2006.12 | |
| 215 | @a137页@c图@d28cm | |
| 225 | 2 | @a中国高校通用设计教材丛书@Azhong guo gao xiao tong yong she ji jiao cai cong shu |
| 314 | @a张展 (1961-),生于上海,现为上海第二工业大学应用艺术设计系主任、副教授、上海设计中心副秘书长等。; 王虹 (1973-),生于武汉,现为上海第二工业大学应用艺术设计系讲师、中国工业设计协会会员等。 | |
| 320 | @a有书目 (第137页)。 | |
| 330 | @a本书共四章,内容包括:产品改良设计概述、设计创造的思维方法、产品改良设计的一般程序与方法、产品改良设计案例等。 | |
| 410 | 0 | @12001 @a中国高校通用设计教材丛书 |
| 606 | 0 | @a产品@Achan pin@x设计@x高等学校@j教材 |
| 690 | @aTB472@v4 | |
| 701 | 0 | @a张展,@Azhang zhan@f1961- @4编著 |
| 701 | 0 | @a王虹,@Awang hong@f1973- @4编著 |
| 801 | 0 | @aCN@c20070930 |
| 905 | @dTB472@eZ255 | |
| 产品改良设计/张展, 王虹编著.-上海:上海画报出版社,2006.12 |
| 137页:图;28cm.-(中国高校通用设计教材丛书) |
| ISBN 7-80685-579-3:CNY45.00 |
| 本书共四章,内容包括:产品改良设计概述、设计创造的思维方法、产品改良设计的一般程序与方法、产品改良设计案例等。 |
| ● |
| 相关链接 |
|
|
|
正题名:产品改良设计
索取号:TB472/Z255
 
预约/预借
| 序号 | 登录号 | 条形码 | 馆藏地/架位号 | 状态 | 备注 |
| 1 | 255375 | 202553753 | 自科二线400A/400A自科库 27排2列3层/ [索取号:TB472/Z255] | 在馆 | |
| 2 | 255376 | 202553762 | 自科库501/501自科库 16排4列5层/ [索取号:TB472/Z255] | 在馆 | |
| 3 | 255377 | 202553771 | 自科库501/501自科库 16排4列5层/ [索取号:TB472/Z255] | 在馆 |